000 00875nam a22002777a 4500
003 CHAP
005 20220817041745.0
008 971013s r 00010 d
010 _a23479
011 _a24451
035 _a28550
040 _cCHAP
090 _aR-1579
100 0 0 _aBrauer Herrera, Oscar.
_915091
245 _aMejoramiento genético de cultivos ; genotecnia vegetal
500 _aSobretiro de : Memoria. Congreso Nacional de Fitogenética (3 : 1968 : Chapingo, Méx.)
590 _aBATCH-UPD
_b10
_c20130110
_lUCH01
_h0924
590 _aBATCH-UPD
_b10
_c20130410
_lUCH01
_h0545
590 _aBATCH-UPD
_b10
_c20130914
_lUCH01
_h1118
590 _aCONVERSION
_b10
_c20130109
_lUCH01
_h1314
650 1 4 _aCultivos
_xMejoramiento.
_930293
650 1 4 _aGenética vegetal.
901 _aBK
942 _cREIMP
949 _aR-1579
_bBC
_cR
_d-65815
_eTS1
_i28550
_si
999 _c23479
_d23479